000
00327 a2200145 4500
001
176656
020
_a
040
_c
Magnum
100
_a
Mocellin, Renato
240
1
0
_a
Os guerrilheiros do contestado
_l
por
245
1
0
_a
Os guerrilheiros do contestado
362
0
_a
1899
697
_a
MAGNITO: PARADIDATICO
942
_c
BK
999
_c
176656
_d
176656